Introducción a la vida benéfica
Saved in:
| Hovedforfatter: | |
|---|---|
| Format: | Bog |
| Sprog: | spansk |
| Udgivet: |
París
A. y R. Roger y F. Chernoviz
1903
|
| Udgivelse: | 1a. ed |
| Serier: | Biblioteca de las Familias Cristianas
|
| Fag: | |
| Tags: |
Tilføj Tag
Ingen Tags, Vær først til at tagge denne postø!
|
MARC
| LEADER | 00000cam a2200000 a 4500 | ||
|---|---|---|---|
| 001 | UCD0646 | ||
| 003 | CL-VaPUC | ||
| 008 | 151204e19030000fr |||||||||||||||||spa|d | ||
| 082 | 0 | 4 | |a 248 |b BOL |2 21 |
| 100 | 0 | |a Bolo, Henry |e author |9 583606 | |
| 245 | 1 | 0 | |a Introducción a la vida benéfica |
| 250 | |a 1a. ed | ||
| 300 | |a 324 p | ||
| 942 | |c BK | ||
| 945 | |d 20151204 12:43:00 |a gsalatino | ||
| 260 | |a París |b A. y R. Roger y F. Chernoviz |c 1903 | ||
| 650 | 0 | |a Vida espiritual |9 307811 | |
| 650 | 0 | |a Vida cristiana |9 258753 | |
| 650 | 0 | |a Valores cristianos |9 399897 | |
| 650 | 0 | |a Moral cristiana |9 464237 | |
| 583 | |a last modification |c 20151204 12:43:00 |k Rodrigo Vera | ||
| 490 | 0 | |a Biblioteca de las Familias Cristianas | |
| 999 | |c 362109 |d 362107 | ||
| 952 | |0 0 |1 0 |3 erd |4 0 |6 248_000000000000000_BOL_1903 |7 0 |8 P |9 472985 |a BIBTEO |b BIBTES |c TEO_FTES |i 5272718 |o 248 BOL 1903 |p 5272718 |r 2024-01-18 |w 2019-11-24 |y BK |z Catalogado en:20151204 |k ICR | ||